000 00862nam a2200217Ii 4500
003 JO-AjNU
008 230605s9999||||xx |||||||||||||| ||und||
017 _a1995/7/675
040 _aJO-AjNU
_bara
_erda
_cJO-AjNU
041 _aara
050 1 4 _aPJ7561.M82 1995
100 3 _aشرف،ليلى تقديم/مصاروة،كرم تقديم/صالح فخري،تحرير,
_eauthor
_918868
245 0 0 _aالمؤثرات الأجنبية في الشعر العربي المعاصر:الحلقة النقدية في مهرجان جرش الثالث عشر
250 _aط1
264 3 1 _aعمان،المؤسسة العربية للدراسات والنشر،1995
300 _a207ص
336 _atext
_btxt
_2rdacontent
337 _aunmediated
_bn
_2rdamedia
338 _avolume
_bnc
_2rdacarrier
650 4 _aالشعر العربي-دراسة ونقد
_918869
999 _aA6115
_c9683
_d9683